000 00843nam a2200217 a 4500
001 BRCA_775
005 20190320203139.0
008 191005s1994----sp-a---###---#000-0#spa-d
041 _aspa
044 _asp
050 4 _aND813.M5
_b.R63 1994
100 1 _aRodríguez González, Margarita
_92579
245 1 0 _aJuan de Miranda
_cMargarita Rodríguez González ; fotografías Alejandro Delgado de Molina.
260 _aLa Laguna, Tenerife
_bSala de Arte de Caja Canarias
_c1994
300 _a68 p.
_bil., 29 láminas a color
_c28 cm.
500 _aCatálogo de la exposición realizada en la Sala de Arte de CajaCanarias (La Laguna, Tenerife, España), septiembre - octubre, 1994
600 1 4 _aMiranda, Juan de
_d1723-1805
_vBiografía
_92580
650 1 4 _aPintura
_zEspaña
_92581
700 1 _aDelgado de Molina, Alejandro
_92582
942 _2lcc
_cB
999 _c672
_d672